Di la cara: una batalla por el Estado de derecho

Bewaard in:
Bibliografische gegevens
Hoofdauteur: Rodríguez, Miguel Angel
Formaat: Texto
Taal:Spanish
Gepubliceerd in: Bogotá: Planeta
Onderwerpen:
Tags: Voeg label toe
Geen labels, Wees de eerste die dit record labelt!

MARC

LEADER 00000 a a2200000 04500
001 33721
003 cru IIS
005 20220928161006.0
008 220928b |||||||| |||| 00| 0 spa d
020 |a 958-42-1474-8  
040 |c cru CRAI/IIS 
090 |a 04.02.01 R696d  
100 |a Rodríguez, Miguel Angel  
245 |a Di la cara: una batalla por el Estado de derecho  
260 |a Bogotá:   |b Planeta  
300 |a 267 p.  
650 |a DERECHOS CIVILES  
650 |a SISTEMA JUDICIAL  
650 |a PODER JUDICIAL  
650 |a HISTORIAS DE VIDA  
650 |a MEDIOS DE COMUNICACION  
650 |a COSTA RICA  
942 |2 z  |c LI 
999 |c 1546  |d 1546